| LEADER 00000nam 2200000uu 4500 |
| 001 210558 |
| 003 ULIBM |
| 008 020711s2553 th a 000 0 tha d |
| 020 978-974-11-1401-6
|
| 041 ^atha^beng
|
| 060 4 WP 870 พ722พ 2553
|
| 100 พิมพิชฌา ปัทมสิริวัฒน์
|
| 245 พันธุศาสตร์มะเร็งเต้านม/^cพิมพิชฌา ปัทมสิริวัฒน์.
|
| 250 พิมพ์ครั้งที่ 1
|
| 260 กรุงเทพฯ :^bคณะเทคนิคการแพทย์ มหาวิทยาลัยมหิดล,^c2553.
|
| 300 xxxi,388 หน้า :^bภาพประกอบสี ;^c26 ซม.
|
| 650 4 เต้านม,เนื้องงอก
|
| 650 4 ^aเต้านม^xมะเร็ง^xแง่พันธุศาสตร์
|
| 650 4 ^aเต้านม^xโรค^xการวินิจฉัย
|
| 710 2 ^aมหาวิทยาลัยมหิดล. คณะเทคนิคการแพทย์.
|
| 999 ^aใช้งานได้ทุกระบบ
|